Présidents du Conseil - Monarchie de Juillet. - Statistiques

Statistiques générales
  • Ce quiz a été pris 6 fois
  • Le résultat moyen est 6 sur 15
Statistiques - réponses
HINT ANSWER % Correct
Du 24 février 1848 au 24 février 1848 Adolphe Thiers
67%
Du 13 mars 1831 au 16 mai 1832 Casimir Perier
67%
Du 18 septembre 1847 au 24 février 1848 François Guizot
67%
Du 2 novembre 1830 au 13 mars 1831 Jacques Laffitte
67%
Du 12 mars 1835 au 22 février 1836 Achille-Charles-Victor, duc de Broglie
33%
Du 22 février 1836 au 6 septembre 1836 Adolphe Thiers
33%
Du 1er mars 1840 au 29 octobre 1840 Adolphe Thiers
33%
Du 18 juillet 1834 au 10 novembre 1834 Étienne Maurice, comte Gérard
33%
Du 11 octobre 1832 au 18 juillet 1834 Jean-de-Dieu Soult, duc de Dalmatie
33%
Du 12 mai 1839 au 1er mars 1840 Jean-de-Dieu Soult, duc de Dalmatie
33%
Du 29 octobre 1840 au 18 septembre 1847 Jean-de-Dieu Soult, duc de Dalmatie
33%
Du 6 septembre 1836 au 31 mars 1839 Louis, comte Molé
33%
Du 24 février 1848 au 24 février 1848 Louis, comte Molé
33%
Du 18 novembre 1834 au 12 mars 1835 Édouard Mortier, duc de Trévise
0%
Du 10 novembre 1834 au 18 novembre 1834 Hugues-Bernard Maret, duc de Bassano
0%
Aucun quiz correspondant
Distribution des résultats
% des personnes avec chaque résultat
Percentile par nombre de réponses
Votre historique - résultats
Vous n’avez pas pris ce quiz